Comercialización de productos agropecuarios /

Guardado en:
Autor Principal: Coscia, Adolfo A
Formato: Libro
Publicado: Buenos Aires : Hemisferio Sur, 1978
Etiquetas: Agregar Etiqueta
Sin Etiquetas, Sea el primero en etiquetar este registro!
LEADER 00496nam a22001455a 4500
001 CEM.cems015789
008 130507s1978##################000#0#####d
005 20230412102341.0
245 1 0 |a Comercialización de productos agropecuarios /  |c Adolfo A Coscia, 
260 |a Buenos Aires :  |b Hemisferio Sur,  |c 1978 
300 |a 336 p. 
100 1 |a Coscia, Adolfo A 
082 0 4 |a 631.3 
859 |a CEMS  |b BIB. CEMS - Agricultura  |h 631.3  |i C82  |p A7179.79  |t Ej.1 
859 |a CEMS  |b BIB. CEMS - Agricultura  |h 631.3  |i C82  |p A3498.23  |t Ej.2